Direito de energia & r̀eas afins Volume II

Detalles Bibliográficos
Autor principal: de Sousa Soares, Cristiana Nepomuceno
Otros Autores: Toscano, Renata
Formato: eBook
Lenguaje:portugués
Publicado: Rio de Janeiro: Synergia Editora, 2016
Materias:
Acceso en línea:Acceso restringido

MARC

LEADER 00000nam a22000007a 4500
005 20190816234146.0
007 cr|||| ||||
008 190816s2016 br |||||s|||| 00||0 por d
020 |a 9788568483336 
035 |a 24103 
040 |a vLex 
090 |c 9223  |d 9223 
100 1 |a de Sousa Soares, Cristiana Nepomuceno 
245 1 0 |a Direito de energia & r̀eas afins  |h [Recurso electrn̤ico] /  |c Cristiana Nepomuceno de Sousa Soares, Renata Toscano  |n Volume II 
256 |a Servicio en ln̕ea 
260 |a Rio de Janeiro:  |b Synergia Editora,  |c 2016 
300 |a 1 recurso electrn̤ico 
500 |a Aqui, sô abordados variados temas integrados ̉disciplina normativa do Setor Elťrico Brasileiro, ancorados pelas polt̕icas regulatr̤ias e legislaė̳s vigentes no ḿbito nacional. Temas que trazem carga extra de complexidade e que carecem de urgn̊cia na ampliaȯ̂ das discusse̳s em busca de melhores respostas a queste̳s importantes para a sociedade brasileira no que se refere a Direito de Energia e ℓreas Afins. Com os artigos aqui apresentados, os autores esperam motivar a reflexô dos estudiosos da r̀ea acerca de pontos controversos que ainda hoje habitam o modelo estabelecido para o Setor Elťrico Brasileiro, contribuindo para o aprimoramento das leis e regulamentaė̳s que o norteiam. 
506 1 |a Disponible solo en los productos indicados  |d vLex Global  |d vLex Global (Academic Edition, excluding Law Schools)  |d vLex Global (U.S. Academic Edition, Law Schools)  |d vLex Global (U.S. Academic Edition, excluding Law Schools)  |d vLex Global (Academic Edition, Law Schools) 
650 0 4 |a Energa̕  |z Brasil 
700 1 |a Toscano, Renata 
740 0 |a vLex Libros (Servicio en ln̕ea) 
856 4 0 |u http://vlex.com/source/direito-de-energia-areas-afins-volume-ii-24103  |z Acceso restringido 
942 |c BOOK 
999 0 |a Energy